Pen Club. (Record no. 73038)

MARC details
000 -LEADER
campo de control de longitud fija 00737nam a2200217 i 4500
001 - NÚMERO DE CONTROL
campo de control 73038
003 - IDENTIFICADOR DE NÚMERO DE CONTROL
campo de control ES-MaACL
005 - FECHA Y HORA DE LA ÚLTIMA TRANSACCIÓN
campo de control 20230906171640.0
007 - CAMPO FIJO DE DESCRIPCIÓN FÍSICA--INFORMACIÓN GENERAL
campo de control de longitud fija t|
008 - DATOS DE LONGITUD FIJA--INFORMACIÓN GENERAL
campo de control de longitud fija 040906s1929 sp ||||1| spa d
100 0# - ENTRADA PRINCIPAL--NOMBRE DE PERSONA
Nombre de persona Andrenio,
Fechas asociadas al nombre 1866-1929
9 (RLIN) 57888
245 10 - MENCIÓN DEL TÍTULO
Título Pen Club.
Número de parte o sección de la obra I,
Nombre de parte o sección de la obra Los poetas /
Mención de responsabilidad, etc. Andrenio (seud.) E. Gómez de Baquero.
260 ## - PUBLICACIÓN, DISTRIBUCIÓN, ETC.
Lugar de publicación, distribución, etc. Madrid :
Nombre del editor, distribuidor, etc. Renacimiento,
Fecha de publicación, distribución, etc. [1929] (
Fabricante Compañía General de Artes Gráficas)
300 ## - DESCRIPCIÓN FÍSICA
Extensión 368 p. ;
Dimensiones 19 cm.
490 1# - MENCIÓN DE SERIE
Mención de serie Obras completas ;
Designación de volumen o secuencia 2
650 04 - PUNTO DE ACCESO ADICIONAL DE MATERIA--TÉRMINO DE MATERIA
Término de materia o nombre geográfico como elemento de entrada Poesía española-
Subdivisión general Historia y crítica.
9 (RLIN) 16166
650 #4 - PUNTO DE ACCESO ADICIONAL DE MATERIA--TÉRMINO DE MATERIA
Término de materia o nombre geográfico como elemento de entrada Poesía hispanoamericana-
Subdivisión general Historia y crítica.
9 (RLIN) 144962
830 1# - PUNTO DE ACCESO ADICIONAL DE SERIE-TÍTULO UNIFORME
Título uniforme Obras completas ;
Designación de volumen o secuencia 2
9 (RLIN) 176447
852 ## - LOCALIZACIÓN
Ubicación ES-MaACL
Número de control de estantería C-6879
Holdings
Estatus retirado Estado de pérdida Estado de daño No para préstamo Biblioteca de origen Biblioteca actual Ubicación en estantería Fecha de adquisición Fuente de adquisición Total de préstamos Signatura topográfica completa Código de barras Visto por última vez Precio de reemplazo Tipo de ítem Koha
        Biblioteca del Ateneo de Madrid Biblioteca del Ateneo de Madrid Sala Palomar 17/01/2008     C-6879 1076455 23/02/2023 23/02/2023 Libro impreso